Vegetraian cooking / (Record no. 104336)

MARC details
000 -LEADER
fixed length control field 00667nam a22001937a 4500
005 - DATE AND TIME OF LATEST TRANSACTION
control field 20161206102604.0
010 ## - LCCN (DPL NO)
LC control number ENG-116330
020 ## - INTERNATIONAL STANDARD BOOK NUMBER
International Standard Book Number 9789380077499
Terms of availability 55.00
035 ## - SYSTEM CONTROL NUMBER
System control number EN-99862
037 ## - SOURCE OF ACQUISITION
Source of stock number/acquisition DBAD/PUB
082 ## - DEWEY DECIMAL CLASSIFICATION NUMBER
Classification number 641.5636
100 ## - MAIN ENTRY--PERSONAL NAME
Personal name Taste, British
245 ## - TITLE STATEMENT
Title Vegetraian cooking /
Remainder of title by British Taste
260 ## - PUBLICATION, DISTRIBUTION, ETC. (IMPRINT)
Place of publication, distribution, etc New Delhi
Name of publisher, distributor, etc Radha Swami Satsang Beas
Date of publication, distribution, etc 2016
270 ## - ADDRESS
Address 5,Guru Ravi Dass Marg,Pusa Road New Delhi
City New Delhi
Postal code 110005
300 ## - PHYSICAL DESCRIPTION
Extent 219p.
Dimensions 24cm(pbk)
500 ## - GENERAL NOTE
General note Includes index
942 ## - ADDED ENTRY ELEMENTS (KOHA)
Source of classification or shelving scheme Dewey Decimal Classification
Item type English Books
Classification part 641.5636
Call number suffix TAS
Holdings
Withdrawn status Lost status Not for loan Collection code Home library Current library Date acquired Source of acquisition Cost, normal purchase price Full call number Barcode Copy number Cost, replacement price Koha item type
      Non-fiction Ashok Vihar Ashok Vihar 27/10/2016 DBAD/PUB 55.00 641.5636 VEG EN-99862 1 55.00 English Books

© Delhi Public Library
Hit Counter
free hit counter